| 000 | 00643nam a22002052 4500 | ||
|---|---|---|---|
| 001 | 0000019592 | ||
| 005 | 20151217155226.0 | ||
| 008 | 110111s xx 000 0 eng d | ||
| 020 | _a0071420402 : | ||
| 040 |
_aKABU _cKABU |
||
| 100 | 1 |
_aHubbard, John R. _@0000155036 |
|
| 245 | 1 | 0 |
_aSchaum's outline of theory and problems of programming with Java / _cJohn R. Hubbard. |
| 250 | _a2nd ed. | ||
| 260 |
_aNew York : _bMcGraw-Hill, _c2004. |
||
| 300 | _axi, 345 p. | ||
| 650 | 0 |
_aJava (Computer programming language) _@0000154482 |
|
| 852 | 1 | _9p975 KES | |
| 908 | _a110111 | ||
| 950 | _@1 | ||
| 999 |
_c12100 _d12100 |
||